00281nam a22000977a 4500082001300000100002300013245008700036260004100123300001100164563000800175 a345bHAS aHassan, Rabia Omar aCritical Analysis on International Criminal Court (ICC) Hague /cRabia Omar Hassan aKarachi:bPakistan Law House,c2023. a116 p. aHB.